[Event "25th Abu Dhabi Master 2018"]
[Site "Abu Dhabi"]
[Date "2018.08.08"]
[Round "2"]
[White "Sahil, Tickoo"]
[Black "Padmini, Rout"]
[Result "0-1"]
[WhiteElo "2192"]
[BlackElo "2338"]
[Annotator "NA"]
[PlyCount "102"]
[EventDate "2018.08.05"]
[EventType "swiss"]
[EventCountry "UAE"]
[SourceTitle "playchess.com"]
[Source "ChessBase"]
[SourceQuality "1"]
[TimeControl "5400+30"]

1. d4 {[%emt 0:00:00]} Nf6 {[%emt 0:00:45]} 2. c4 {[%emt 0:00:18]} e6 {[%emt 0:00:24]} 3. Nc3 {[%emt 0:00:21]} d5 {[%emt 0:00:23]} 4. cxd5 {[%emt 0:00:10]} Nxd5 {[%emt 0:00:59]} 5. Bd2 {[%emt 0:14:33]} c5 {[%emt 0:04:48]} 6. Nxd5 {[%emt 0:04:28]} Qxd5 {[%emt 0:02:17]} 7. dxc5 {[%emt 0:00:46]} Bxc5 {[%emt 0:00:46]} 8. Bc3 {[%emt 0:00:22]} Qxd1+ {[%emt 0:00:41]} 9. Rxd1 {[%emt 0:00:06]} f6 {[%emt 0:00:49]} 10. e3 {[%emt 0:03:49]} Nc6 {[%emt 0:01:44]} 11. Nf3 {[%emt 0:04:14]} e5 {[%emt 0:03:07]} 12. Bc4 {[%emt 0:16:13]} Ke7 {[%emt 0:02:13]} 13. h3 {[%emt 0:01:30]} Be6 {[%emt 0:06:51]} 14. Bxe6 {[%emt 0:05:03]} Kxe6 {[%emt 0:00:03]} 15. e4 {[%emt 0:00:25]} Rhc8 {[%emt 0:06:28]} 16. Ke2 {[%emt 0:03:31]} b5 {[%emt 0:02:14]} 17. Rd5 {[%emt 0:14:05]} Ne7 {[%emt 0:01:26]} 18. Rdd1 {[%emt 0:01:38]} a5 {[%emt 0:28:48]} 19. Bd2 {[%emt 0:19:25]} h6 {[%emt 0:01:07]} 20. Rc1 {[%emt 0:03:03]} f5 {[%emt 0:02:19]} 21. Be3 {[%emt 0:03:16]} Bd6 {[%emt 0:04:23]} 22. exf5+ {[%emt 0:00:19]} Nxf5 {[%emt 0:00:14]} 23. g4 {[%emt 0:02:03]} Ne7 {[%emt 0:00:53]} 24. Rxc8 {[%emt 0:00:27]} Rxc8 {[%emt 0:00:27]} 25. Rc1 {[%emt 0:00:03]} Rxc1 {[%emt 0:01:39]} 26. Bxc1 {[%emt 0:00:01]} Kd5 {[%emt 0:00:14]} 27. Be3 {[%emt 0:01:55]} a4 {[%emt 0:03:15]} 28. Nd2 {[%emt 0:00:22]} Bb4 {[%emt 0:00:55]} 29. f3 {[%emt 0:00:41]} Bxd2 {[%emt 0:03:39]} 30. Bxd2 {[%emt 0:00:02]} Nc6 {[%emt 0:01:31]} 31. Ke3 {[%emt 0:01:19]} g5 {[%emt 0:01:10]} 32. h4 {[%emt 0:00:45]} gxh4 {[%emt 0:03:25]} 33. Kf2 {[%emt 0:00:01]} e4 {[%emt 0:05:40]} 34. f4 {[%emt 0:01:08]} Kc4 {[%emt 0:02:31]} 35. Be1 {[%emt 0:00:33]} Kd3 {[%emt 0:05:51]} 36. Kg2 {[%emt 0:00:01]} Ke3 {[%emt 0:02:26]} 37. f5 {[%emt 0:00:54]} Ne5 {[%emt 0:00:55]} 38. Bc3 {[%emt 0:00:38]} Nxg4 {[%emt 0:00:43]} 39. f6 {[%emt 0:00:26]} Nxf6 {[%emt 0:00:25]} 40. Bxf6 {[%emt 0:00:02]} Kd2 {[%emt 0:00:04]} 41. Bg7 {[%emt 0:00:52]} h5 {[%emt 0:00:53]} 42. Bh6+ {[%emt 0:00:18]} Kc2 {[%emt 0:00:19]} 43. b3 {[%emt 0:00:42]} axb3 {[%emt 0:00:26]} 44. axb3 {[%emt 0:00:01]} Kxb3 {[%emt 0:00:09]} 45. Kf2 {[%emt 0:00:57]} Kc4 {[%emt 0:00:15]} 46. Ke3 {[%emt 0:00:40]} Kd5 {[%emt 0:00:04]} 47. Bg5 {[%emt 0:00:24]} h3 {[%emt 0:00:07]} 48. Bf4 {[%emt 0:00:01]} b4 {[%emt 0:00:07]} 49. Kd2 {[%emt 0:00:03]} Kc4 {[%emt 0:00:24]} 50. Bh2 {[%emt 0:00:49]} b3 {[%emt 0:00:06]} 51. Bf4 {[%emt 0:00:22]} e3+ {[%emt 0:00:14]} 0-1

[Event "25th Abu Dhabi Master 2018"]
[Site "Abu Dhabi"]
[Date "2018.08.08"]
[Round "2"]
[White "Senthil, Maran K"]
[Black "Aronyak, Ghosh"]
[Result "1/2-1/2"]
[WhiteElo "2167"]
[BlackElo "2318"]
[Annotator "NA"]
[PlyCount "114"]
[EventDate "2018.08.05"]
[EventType "swiss"]
[EventCountry "UAE"]
[SourceTitle "playchess.com"]
[Source "ChessBase"]
[SourceQuality "1"]
[TimeControl "5400+30"]

1. d4 {[%emt 0:04:32]} d5 {[%emt 0:00:00]} 2. Nf3 {[%emt 0:00:16]} Nf6 {[%emt 0:00:14]} 3. c4 {[%emt 0:00:08]} dxc4 {[%emt 0:00:07]} 4. e3 {[%emt 0:03:27]} e6 {[%emt 0:00:09]} 5. Bxc4 {[%emt 0:00:08]} c5 {[%emt 0:00:05]} 6. O-O {[%emt 0:00:05]} a6 {[%emt 0:00:05]} 7. dxc5 {[%emt 0:01:24]} Bxc5 {[%emt 0:01:23]} 8. Qxd8+ {[%emt 0:06:05]} Kxd8 {[%emt 0:00:02]} 9. Nbd2 {[%emt 0:03:10]} Ke7 {[%emt 0:03:08]} 10. Nb3 {[%emt 0:04:37]} Bd6 {[%emt 0:00:08]} 11. Bd2 {[%emt 0:01:04]} b6 {[%emt 0:02:02]} 12. Rac1 {[%emt 0:04:55]} Bb7 {[%emt 0:02:23]} 13. Be2 {[%emt 0:05:41]} Nbd7 {[%emt 0:13:45]} 14. Nfd4 {[%emt 0:06:13]} Rac8 {[%emt 0:01:44]} 15. f3 {[%emt 0:00:29]} g6 {[%emt 0:11:58]} 16. e4 {[%emt 0:05:10]} e5 {[%emt 0:00:43]} 17. Nc2 {[%emt 0:00:17]} Nc5 {[%emt 0:00:02]} 18. Ne3 {[%emt 0:07:23]} Nxb3 {[%emt 0:00:55]} 19. axb3 {[%emt 0:00:01]} b5 {[%emt 0:00:34]} 20. b4 {[%emt 0:07:20]} Rxc1 {[%emt 0:01:03]} 21. Rxc1 {[%emt 0:00:14]} Rc8 {[%emt 0:00:33]} 22. Rxc8 {[%emt 0:04:50]} Bxc8 {[%emt 0:00:29]} 23. Bc3 {[%emt 0:04:11]} Be6 {[%emt 0:00:47]} 24. g3 {[%emt 0:08:38]} Nd7 {[%emt 0:01:08]} 25. Kf2 {[%emt 0:02:07]} Nb6 {[%emt 0:01:49]} 26. Nc2 {[%emt 0:01:39]} Na4 {[%emt 0:05:00]} 27. Ne1 {[%emt 0:00:48]} Bc7 {[%emt 0:01:22]} 28. Nd3 {[%emt 0:01:59]} Bb6+ {[%emt 0:00:21]} 29. Ke1 {[%emt 0:00:39]} Nxc3 {[%emt 0:00:17]} 30. bxc3 {[%emt 0:00:01]} Kd6 {[%emt 0:00:08]} 31. Bf1 {[%emt 0:04:56]} Bg1 {[%emt 0:01:04]} 32. h3 {[%emt 0:00:12]} Be3 {[%emt 0:01:14]} 33. Ke2 {[%emt 0:01:09]} Bb6 {[%emt 0:00:02]} 34. Kd2 {[%emt 0:00:43]} Bc4 {[%emt 0:01:40]} 35. Be2 {[%emt 0:00:22]} f5 {[%emt 0:03:24]} 36. Nb2 {[%emt 0:03:32]} Be6 {[%emt 0:00:45]} 37. g4 {[%emt 0:00:06]} fxg4 {[%emt 0:03:05]} 38. fxg4 {[%emt 0:00:10]} Ke7 {[%emt 0:01:01]} 39. c4 {[%emt 0:04:38]} Bd4 {[%emt 0:00:17]} 40. Kc2 {[%emt 0:00:01]} Bxb2 {[%emt 0:02:41]} 41. Kxb2 {[%emt 0:00:01]} bxc4 {[%emt 0:00:03]} 42. h4 {[%emt 0:03:34]} g5 {[%emt 0:00:50]} 43. hxg5 {[%emt 0:00:05]} Kf7 {[%emt 0:00:05]} 44. Kc3 {[%emt 0:00:06]} Kg6 {[%emt 0:00:35]} 45. Bxc4 {[%emt 0:00:06]} Bc8 {[%emt 0:00:33]} 46. Bg8 {[%emt 0:00:55]} Bb7 {[%emt 0:01:00]} 47. Bd5 {[%emt 0:02:07]} Bc8 {[%emt 0:00:15]} 48. Bg8 {[%emt 0:00:10]} Bxg4 {[%emt 0:00:50]} 49. Kc4 {[%emt 0:00:19]} Bd1 {[%emt 0:02:24]} 50. Kc5 {[%emt 0:01:13]} Kxg5 {[%emt 0:01:34]} 51. Bxh7 {[%emt 0:00:01]} Kf4 {[%emt 0:00:10]} 52. Kb6 {[%emt 0:00:51]} Be2 {[%emt 0:00:06]} 53. Bf5 {[%emt 0:00:03]} Bd3 {[%emt 0:00:16]} 54. Bc8 {[%emt 0:00:07]} Kxe4 {[%emt 0:00:58]} 55. Bxa6 {[%emt 0:00:05]} Kd4 {[%emt 0:00:06]} 56. Bxd3 {[%emt 0:00:51]} Kxd3 {[%emt 0:00:02]} 57. b5 {[%emt 0:00:01]} Ke4 1/2-1/2

[Event "25th Abu Dhabi Master 2018"]
[Site "Abu Dhabi"]
[Date "2018.08.08"]
[Round "2"]
[White "Esenbek Uulu, Ilimbek"]
[Black "Sammed Jaykumar, Shete"]
[Result "0-1"]
[WhiteElo "2159"]
[BlackElo "2314"]
[Annotator "NA"]
[PlyCount "93"]
[EventDate "2018.08.05"]
[EventType "swiss"]
[EventCountry "UAE"]
[SourceTitle "playchess.com"]
[Source "ChessBase"]
[SourceQuality "1"]
[TimeControl "5400+30"]

1. e4 {[%emt 0:04:41]} e5 {[%emt 0:00:00]} 2. Nf3 {[%emt 0:00:04]} Nc6 {[%emt 0:00:00]} 3. Bc4 {[%emt 0:00:07]} Bc5 {[%emt 0:00:00]} 4. b4 {[%emt 0:00:23]} Bxb4 {[%emt 0:00:00]} 5. c3 {[%emt 0:00:05]} Be7 {[%emt 0:00:00]} 6. d4 {[%emt 0:00:05]} Na5 {[%emt 0:02:59]} 7. Be2 {[%emt 0:00:07]} d6 {[%emt 0:04:18]} 8. Qa4+ {[%emt 0:04:47]} c6 {[%emt 0:00:11]} 9. dxe5 {[%emt 0:00:15]} dxe5 {[%emt 0:00:50]} 10. Nxe5 {[%emt 0:00:21]} Nf6 {[%emt 0:02:18]} 11. O-O {[%emt 0:00:45]} O-O {[%emt 0:02:00]} 12. Rd1 {[%emt 0:03:18]} Qc7 {[%emt 0:10:48]} 13. Bf4 {[%emt 0:02:19]} b5 {[%emt 0:00:59]} 14. Qc2 {[%emt 0:00:17]} Qb6 {[%emt 0:00:31]} 15. Nd2 {[%emt 0:00:52]} Re8 {[%emt 0:09:27]} 16. Rab1 {[%emt 0:06:16]} Bc5 {[%emt 0:06:01]} 17. Bg3 {[%emt 0:09:29]} Be6 {[%emt 0:02:24]} 18. Nd3 {[%emt 0:05:11]} Nc4 {[%emt 0:08:06]} 19. Nxc5 {[%emt 0:17:20]} Na3 {[%emt 0:04:00]} 20. Qb2 {[%emt 0:01:09]} Nxb1 {[%emt 0:11:00]} 21. Ndb3 {[%emt 0:05:49]} Bxb3 {[%emt 0:02:32]} 22. Nxb3 {[%emt 0:00:07]} Nxc3 {[%emt 0:00:22]} 23. Qxc3 {[%emt 0:00:08]} Nxe4 {[%emt 0:00:06]} 24. Qf3 {[%emt 0:00:41]} Nxg3 {[%emt 0:04:47]} 25. hxg3 {[%emt 0:01:50]} Rad8 {[%emt 0:00:23]} 26. Rxd8 {[%emt 0:02:20]} Rxd8 {[%emt 0:01:27]} 27. Qc3 {[%emt 0:01:05]} Re8 {[%emt 0:08:46]} 28. Bf3 {[%emt 0:00:32]} b4 {[%emt 0:11:30]} 29. Qc1 {[%emt 0:03:08]} c5 {[%emt 0:04:46]} 30. Bd5 {[%emt 0:02:48]} Qd6 {[%emt 0:02:32]} 31. Bc4 {[%emt 0:01:25]} Re5 {[%emt 0:00:56]} 32. f4 {[%emt 0:01:24]} Re7 {[%emt 0:00:43]} 33. Kf2 {[%emt 0:00:45]} a5 {[%emt 0:00:43]} 34. a4 {[%emt 0:03:03]} bxa3 {[%emt 0:01:00]} 35. Qxa3 {[%emt 0:00:25]} Re4 {[%emt 0:00:25]} 36. Qa4 {[%emt 0:23:58]} Kf8 {[%emt 0:00:25]} 37. Qb5 {[%emt 0:00:14]} g5 {[%emt 0:00:32]} 38. Bd3 {[%emt 0:00:45]} Rb4 {[%emt 0:00:29]} 39. Qxc5 {[%emt 0:00:10]} Qxc5+ {[%emt 0:00:06]} 40. Nxc5 {[%emt 0:00:03]} gxf4 {[%emt 0:00:12]} 41. gxf4 {[%emt 0:00:15]} a4 {[%emt 0:00:10]} 42. Be4 {[%emt 0:01:38]} a3 {[%emt 0:00:30]} 43. Bd5 {[%emt 0:00:32]} Rb5 {[%emt 0:00:20]} 44. Nd7+ {[%emt 0:00:16]} Ke7 {[%emt 0:00:05]} 45. Bc6 Rb2+ {[%emt 0:00:07]} 46. Ke3 {[%emt 0:00:52]} a2 {[%emt 0:00:05]} 47. Kd4 0-1

[Event "25th Abu Dhabi Master 2018"]
[Site "Abu Dhabi"]
[Date "2018.08.08"]
[Round "2"]
[White "Ajay, Karthikeyan"]
[Black "Eric, Jovana"]
[Result "0-1"]
[WhiteElo "2156"]
[BlackElo "2307"]
[Annotator "NA"]
[PlyCount "98"]
[EventDate "2018.08.05"]
[EventType "swiss"]
[EventCountry "UAE"]
[SourceTitle "playchess.com"]
[Source "ChessBase"]
[SourceQuality "1"]
[TimeControl "5400+30"]

1. d4 Nf6 2. Bf4 g6 3. Nc3 d6 4. e4 Bg7 5. Qd2 O-O 6. O-O-O c6 7. h4 h5 8. Nf3 b5 9. Bd3 b4 10. Ne2 Qa5 11. Kb1 Ng4 12. Nc1 c5 13. Nb3 Qb6 14. dxc5 dxc5 15. Be3 Nd7 16. Bg5 Re8 17. Bc4 Nde5 18. Nxe5 Nxe5 19. Bd5 Bb7 20. Be3 Rac8 21. Bxc5 Qc7 22. Qxb4 Bxd5 23. Rxd5 e6 24. Rd2 a5 25. Qa4 Qb7 26. f4 Ng4 27. e5 Rb8 28. a3 Rec8 29. Qxa5 Qe4 30. Rd4 Qxg2 31. Rhd1 Kh7 32. Rd7 Qf3 33. R1d4 Nh6 34. Qd2 Rxb3 35. cxb3 Rxc5 36. b4 Rc8 37. Qd1 Qc6 38. a4 Nf5 39. b5 Qc5 40. Rd3 Ne3 41. Rxe3 Qxe3 42. Rxf7 Qe4+ 43. Ka2 Rc4 44. Ra7 Qxf4 45. b6 Qxe5 46. Qb3 Rc1 47. Qb4 Qd5+ 48. Qb3 Ra1+ 49. Kxa1 Qxb3 0-1

[Event "25th Abu Dhabi Master 2018"]
[Site "Abu Dhabi"]
[Date "2018.08.08"]
[Round "2"]
[White "Fedoseev, Vladimir"]
[Black "Vignesh, NR."]
[Result "1-0"]
[WhiteElo "2152"]
[BlackElo "2464"]
[Annotator "TA"]
[PlyCount "126"]
[EventDate "2018.08.05"]
[EventType "swiss"]
[EventCountry "UAE"]
[SourceTitle "playchess.com"]
[Source "ChessBase"]
[SourceQuality "1"]

{[%evp 22,126,31,32,47,36,68,31,47,27,27,39,28,9,10,9,9,4,10,8,8,10,0,0,0,0,0,0,0,0,0,-27,-26,-27,-24,-31,-6,-44,-41,-40,-40,-55,-48,-54,-21,-58,-8,-8,-8,-8,-8,-8,3,0,0,-37,-30,-45,0,0,0,0,0,0,0,0,0,-8,-8,-8,0,0,0,0,0,0,0,0,8,0,0,0,0,0,0,-21,0,0,314,306,1181,1049,3292,3029,29961,29942,29947,6185,6143,6185,5591,4441,6185,6095,6094,6094,29991]} 1. d4 d5 2. c4 e6 3. Nc3 Be7 4. Bf4 Nf6 5. e3 O-O 6. Nf3 Nbd7 7. Be2 dxc4 8. Bxc4 c5 9. dxc5 Nxc5 10. O-O a6 {D37: Queen's Gambit Declined: 5 Bf4} (10... Qxd1 11. Rfxd1 b6 12. Bd6 Bxd6 13. Rxd6 Bb7 14. Rad1 Bxf3 15. gxf3 Rfc8 16. f4 Kf8 17. R6d4 {½-½ (17) Smirnov,P (2576)-Jakovenko,D (2730) Khanty-Mansiysk 2017}) 11. Ne5 Qxd1 12. Rfxd1 {LiveBook: 5 Games} Re8 {White is slightly better.} 13. a4 $146 ({Predecessor:} 13. Be2 b5 14. b4 Nce4 15. Nxe4 Nxe4 16. Bf3 Bb7 17. Rd4 f5 18. h3 {0-1 (55) Goryachkina,A (2384)-Karpov,A (2616) Cap d'Agde 2012}) 13... b6 14. f3 Ncd7 15. Kf2 Nxe5 16. Bxe5 Bb7 17. Bd6 Kf8 18. Be2 Rac8 19. Rd4 Red8 20. Rad1 Nd5 21. Bxe7+ Kxe7 22. Nb1 a5 23. Na3 Nb4 24. Bb5 {aiming for Rd7+.} Rxd4 25. Rxd4 Bd5 26. Rd1 e5 27. g4 Be6 28. h3 g5 29. h4 gxh4 30. Rh1 {[#]} h5 $1 {[%mdl 512]} 31. Rxh4 (31. gxh5 h3) 31... hxg4 32. fxg4 Rd8 33. Kf3 Rd2 34. Nc4 Bd5+ 35. e4 Bxc4 $1 36. Bxc4 $11 {[%mdl 4096] Endgame KRB-KRN} Nc6 37. b3 Nd4+ 38. Ke3 {Rh5 is the strong threat.} Rg2 39. Rh6 Rg3+ 40. Kf2 Rf3+ 41. Kg2 Rf6 42. Rh5 Kd6 43. g5 Rf4 $1 44. Rh6+ Kc5 {White should prevent ...Nf3.} 45. Kg3 Rxe4 46. Rf6 Re1 47. Kf2 Re4 48. Bxf7 Rg4 49. g6 e4 50. Bc4 Nc2 51. Re6 Nd4 52. Rf6 Nc2 53. Be6 Rg5 54. Bd7 {And now Rc6+ would win.} Nd4 $2 {[%mdl 8192]} (54... Kd4 $11 {and Black stays safe.}) 55. Ke3 $18 Kd5 $2 (55... Re5 56. Bg4 Kd5 57. Rxb6 Re7) 56. Kf4 Rg1 57. Bg4 Rf1+ 58. Kg5 Nf3+ {[#]} 59. Bxf3 (59. Rxf3 $142 $1 {[%mdl 512]} exf3 60. g7 Ke4 61. g8=Q Rc1 62. Qg6+ Kd4 63. Qxb6+ Kc3 64. Bxf3) 59... exf3 {White is clearly winning.} 60. g7 Rg1+ 61. Kh6 Ke4 62. Kh7 Rh1+ 63. Kg6 Kd5 {Precision: White = 59%, Black = 52%.} 1-0

[Event "25th Abu Dhabi Master 2018"]
[Site "Abu Dhabi"]
[Date "2018.08.08"]
[Round "2"]
[White "Ivana Maria, Furtado"]
[Black "Gomes, Mary Ann"]
[Result "0-1"]
[WhiteElo "2146"]
[BlackElo "2303"]
[Annotator "NA"]
[PlyCount "72"]
[EventDate "2018.08.05"]
[EventType "swiss"]
[EventCountry "UAE"]
[SourceTitle "playchess.com"]
[Source "ChessBase"]
[SourceQuality "1"]
[TimeControl "5400+30"]

1. d4 {[%emt 0:00:04]} Nf6 {[%emt 0:00:17]} 2. Nf3 {[%emt 0:02:04]} e6 {[%emt 0:00:07]} 3. g3 {[%emt 0:01:55]} b6 {[%emt 0:00:05]} 4. Bg2 {[%emt 0:00:45]} Bb7 {[%emt 0:00:06]} 5. O-O {[%emt 0:00:45]} c5 {[%emt 0:00:19]} 6. c4 {[%emt 0:03:40]} cxd4 {[%emt 0:00:19]} 7. Qxd4 {[%emt 0:01:20]} Nc6 {[%emt 0:01:11]} 8. Qd3 {[%emt 0:10:00]} Rc8 {[%emt 0:01:38]} 9. b3 {[%emt 0:03:25]} b5 {[%emt 0:00:38]} 10. Na3 {[%emt 0:10:23]} Nb4 {[%emt 0:06:29]} 11. Qd1 {[%emt 0:01:10]} bxc4 {[%emt 0:00:14]} 12. Nxc4 {[%emt 0:02:12]} d5 {[%emt 0:00:13]} 13. Nce5 {[%emt 0:08:53]} Ne4 {[%emt 0:00:45]} 14. a3 {[%emt 0:06:04]} Nc6 {[%emt 0:24:41]} 15. Bb2 {[%emt 0:02:21]} Nxe5 {[%emt 0:00:39]} 16. Nxe5 {[%emt 0:00:18]} f6 {[%emt 0:07:56]} 17. Bxe4 {[%emt 0:14:08]} fxe5 {[%emt 0:17:28]} 18. Bd3 {[%emt 0:06:59]} Bd6 {[%emt 0:01:49]} 19. e4 {[%emt 0:01:36]} O-O {[%emt 0:02:10]} 20. exd5 {[%emt 0:01:08]} exd5 {[%emt 0:01:16]} 21. Bxe5 {[%emt 0:03:23]} Bxe5 {[%emt 0:06:38]} 22. Qh5 {[%emt 0:00:05]} Re8 {[%emt 0:07:12]} 23. Bxh7+ {[%emt 0:01:43]} Kf8 {[%emt 0:00:08]} 24. Rae1 {[%emt 0:08:15]} Bc3 {[%emt 0:05:54]} 25. Rd1 {[%emt 0:04:39]} d4 {[%emt 0:09:01]} 26. Bg6 {[%emt 0:00:38]} Qd5 {[%emt 0:00:45]} 27. Qh8+ {[%emt 0:02:14]} Ke7 {[%emt 0:02:40]} 28. Qxg7+ {[%emt 0:00:03]} Kd6 {[%emt 0:00:15]} 29. f3 {[%emt 0:00:47]} d3 {[%emt 0:01:25]} 30. Qh6 {[%emt 0:01:26]} Bd4+ {[%emt 0:00:08]} 31. Kg2 {[%emt 0:01:31]} Re2+ {[%emt 0:00:06]} 32. Kh3 {[%emt 0:00:04]} Qe6+ {[%emt 0:00:13]} 33. g4 {[%emt 0:00:35]} Rh8 {[%emt 0:00:07]} 34. Qxh8 {[%emt 0:00:23]} Bxh8 {[%emt 0:00:07]} 35. Rxd3+ {[%emt 0:00:13]} Ke7 {[%emt 0:00:24]} 36. Rfd1 {[%emt 0:01:04]} Bc6 {[%emt 0:00:38]} 0-1

[Event "25th Abu Dhabi Master 2018"]
[Site "Abu Dhabi"]
[Date "2018.08.08"]
[Round "2"]
[White "Isha, Sharma"]
[Black "Karthik, Kumar Pradeep"]
[Result "0-1"]
[WhiteElo "2145"]
[BlackElo "2295"]
[Annotator "NA"]
[PlyCount "52"]
[EventDate "2018.08.05"]
[EventType "swiss"]
[EventCountry "UAE"]
[SourceTitle "playchess.com"]
[Source "ChessBase"]
[SourceQuality "1"]
[TimeControl "5400+30"]

1. e4 {[%emt 0:00:00]} c5 {[%emt 0:00:13]} 2. Nf3 {[%emt 0:00:00]} e6 {[%emt 0:00:05]} 3. d3 {[%emt 0:00:00]} Nc6 {[%emt 0:00:22]} 4. g3 {[%emt 0:00:06]} g6 {[%emt 0:00:26]} 5. Bg2 {[%emt 0:00:09]} Bg7 {[%emt 0:00:06]} 6. O-O {[%emt 0:00:06]} Nge7 {[%emt 0:00:13]} 7. Re1 {[%emt 0:00:08]} e5 {[%emt 0:00:52]} 8. Nbd2 {[%emt 0:01:39]} O-O {[%emt 0:00:12]} 9. a4 {[%emt 0:00:19]} d6 {[%emt 0:02:20]} 10. Nc4 {[%emt 0:01:05]} h6 {[%emt 0:02:05]} 11. Be3 {[%emt 0:06:11]} f5 {[%emt 0:07:32]} 12. Qc1 {[%emt 0:06:17]} Kh7 {[%emt 0:11:58]} 13. c3 {[%emt 0:00:44]} f4 {[%emt 0:05:18]} 14. gxf4 {[%emt 0:02:55]} Bg4 {[%emt 0:00:52]} 15. fxe5 {[%emt 0:12:24]} Bxf3 {[%emt 0:00:13]} 16. exd6 {[%emt 0:00:15]} Nc8 {[%emt 0:01:34]} 17. Bf4 {[%emt 0:06:10]} Bxg2 {[%emt 0:01:44]} 18. Kxg2 {[%emt 0:00:05]} Qf6 {[%emt 0:04:34]} 19. Bg3 {[%emt 0:10:26]} Qf3+ {[%emt 0:01:02]} 20. Kg1 {[%emt 0:00:05]} Qxd3 {[%emt 0:00:15]} 21. Na3 {[%emt 0:00:45]} Ne5 {[%emt 0:02:16]} 22. Rd1 {[%emt 0:14:09]} Nf3+ {[%emt 0:01:08]} 23. Kg2 {[%emt 0:00:08]} Nh4+ {[%emt 0:03:47]} 24. Bxh4 {[%emt 0:03:16]} Qxe4+ {[%emt 0:00:07]} 25. Kh3 {[%emt 0:00:06]} Qf3+ {[%emt 0:00:22]} 26. Bg3 {[%emt 0:00:09]} Rf5 {[%emt 0:00:09]} 0-1

[Event "25th Abu Dhabi Master 2018"]
[Site "Abu Dhabi"]
[Date "2018.08.08"]
[Round "2"]
[White "Sultan, Ibrahim"]
[Black "Patil, Pratik"]
[Result "0-1"]
[WhiteElo "2140"]
[BlackElo "1911"]
[Annotator "NA"]
[PlyCount "121"]
[EventDate "2018.08.05"]
[EventType "swiss"]
[EventCountry "UAE"]
[SourceTitle "playchess.com"]
[Source "ChessBase"]
[SourceQuality "1"]
[TimeControl "5400+30"]

1. d4 Nf6 2. c4 g6 3. Nc3 d5 4. cxd5 Nxd5 5. e4 Nxc3 6. bxc3 Bg7 7. Bc4 c5 8. Ne2 Nc6 9. Be3 O-O 10. O-O Bd7 11. Qd2 Rc8 12. Rac1 Qa5 13. Qb2 b6 14. Qb3 Nb8 15. Nf4 e6 16. Be2 cxd4 17. cxd4 e5 18. Rxc8 Bxc8 19. dxe5 Qxe5 20. f3 Nc6 21. Rd1 Rd8 22. Rxd8+ Nxd8 23. Qa4 Bf8 24. Nd5 Be6 25. Bd4 Qxd4+ 26. Qxd4 Bc5 27. Qxc5 bxc5 28. Bc4 Kf8 29. Kf2 Nc6 30. Ke3 Nb4 31. Kd2 Nxd5 32. exd5 Bd7 33. g4 h6 34. h4 g5 35. hxg5 hxg5 36. Ke3 Ke7 37. d6+ Kxd6 38. Bxf7 Ke5 39. Bc4 Bc6 40. Bb3 Bb5 41. Bf7 Bc6 42. Bc4 Ba4 43. Bf7 Bb5 44. Bg8 c4 45. Bf7 a5 46. Bg8 c3 47. Bf7 c2 48. Kd2 Bc6 49. Kxc2 Bxf3 50. Kb3 Bxg4 51. Ka4 Be6 52. Bh5 Bxa2 53. Kxa5 Kf4 54. Be8 g4 55. Bc6 Bb1 56. Kb4 g3 57. Bg2 Be4 58. Bf1 Ke3 59. Bh3 Kf2 60. Kc3 Bf5 61. Kd4 0-1

[Event "25th Abu Dhabi Master 2018"]
[Site "Abu Dhabi"]
[Date "2018.08.08"]
[Round "2"]
[White "Al Hosani, Omran"]
[Black "Kushagra, Mohan"]
[Result "0-1"]
[WhiteElo "2135"]
[BlackElo "2270"]
[Annotator "NA"]
[PlyCount "114"]
[EventDate "2018.08.05"]
[EventType "swiss"]
[EventCountry "UAE"]
[SourceTitle "playchess.com"]
[Source "ChessBase"]
[SourceQuality "1"]
[TimeControl "5400+30"]

1. d4 {[%emt 0:00:00]} Nf6 {[%emt 0:00:00]} 2. Bf4 {[%emt 0:00:00]} g6 {[%emt 0:00:00]} 3. Nc3 {[%emt 0:00:00]} d5 {[%emt 0:00:00]} 4. e3 {[%emt 0:00:01]} Bg7 {[%emt 0:00:00]} 5. h4 {[%emt 0:00:25]} O-O {[%emt 0:00:00]} 6. h5 {[%emt 0:00:18]} c5 {[%emt 0:00:00]} 7. hxg6 {[%emt 0:01:20]} hxg6 {[%emt 0:00:04]} 8. Nb5 {[%emt 0:05:40]} Nc6 {[%emt 0:15:50]} 9. Nc7 {[%emt 0:06:46]} e5 {[%emt 0:05:35]} 10. dxe5 {[%emt 0:00:07]} Qxc7 {[%emt 0:00:04]} 11. exf6 {[%emt 0:00:05]} Qa5+ {[%emt 0:00:03]} 12. Qd2 {[%emt 0:00:09]} Bxf6 {[%emt 0:02:45]} 13. Qxa5 {[%emt 0:03:26]} Nxa5 {[%emt 0:00:09]} 14. O-O-O {[%emt 0:01:16]} b6 {[%emt 0:12:43]} 15. Nf3 {[%emt 0:02:42]} Bb7 {[%emt 0:02:24]} 16. Bg5 {[%emt 0:03:51]} Bg7 {[%emt 0:05:04]} 17. Be2 {[%emt 0:03:01]} Rfe8 {[%emt 0:03:58]} 18. Bb5 {[%emt 0:01:53]} Re4 {[%emt 0:01:29]} 19. c3 {[%emt 0:03:52]} Nc4 {[%emt 0:05:32]} 20. Rh4 {[%emt 0:01:07]} Rxh4 {[%emt 0:02:46]} 21. Bxh4 {[%emt 0:00:12]} Nd6 {[%emt 0:04:17]} 22. Bd3 {[%emt 0:01:36]} Re8 {[%emt 0:01:47]} 23. Nh2 {[%emt 0:04:55]} Ne4 {[%emt 0:05:44]} 24. Ng4 {[%emt 0:00:48]} g5 {[%emt 0:02:45]} 25. f3 {[%emt 0:05:01]} gxh4 {[%emt 0:02:22]} 26. fxe4 {[%emt 0:00:02]} dxe4 {[%emt 0:00:58]} 27. Bc4 {[%emt 0:00:09]} Bc8 {[%emt 0:02:27]} 28. Rf1 {[%emt 0:03:02]} Be6 {[%emt 0:01:25]} 29. Bb5 {[%emt 0:01:24]} Rd8 {[%emt 0:02:01]} 30. Nf6+ {[%emt 0:00:12]} Bxf6 {[%emt 0:00:17]} 31. Rxf6 {[%emt 0:00:02]} Bxa2 {[%emt 0:00:15]} 32. Rf4 {[%emt 0:00:15]} Bd5 {[%emt 0:04:28]} 33. Rxh4 {[%emt 0:01:02]} Rd6 {[%emt 0:00:41]} 34. Rg4+ {[%emt 0:00:50]} Rg6 {[%emt 0:00:19]} 35. Rxg6+ {[%emt 0:00:29]} fxg6 {[%emt 0:00:02]} 36. Kd2 {[%emt 0:00:19]} Kg7 {[%emt 0:00:33]} 37. Ke2 {[%emt 0:00:26]} Kf6 {[%emt 0:00:32]} 38. Kf2 {[%emt 0:00:11]} Bb7 {[%emt 0:00:31]} 39. Be2 {[%emt 0:01:11]} a6 {[%emt 0:00:44]} 40. Kg3 {[%emt 0:02:12]} Kg5 {[%emt 0:00:15]} 41. Bf1 {[%emt 0:00:22]} b5 {[%emt 0:05:56]} 42. Be2 {[%emt 0:02:32]} b4 {[%emt 0:01:23]} 43. cxb4 {[%emt 0:00:28]} cxb4 {[%emt 0:00:04]} 44. Kf2 {[%emt 0:01:12]} Kh4 {[%emt 0:01:45]} 45. Bf1 {[%emt 0:02:21]} a5 {[%emt 0:01:05]} 46. g3+ {[%emt 0:00:22]} Kg4 {[%emt 0:00:12]} 47. Be2+ {[%emt 0:00:29]} Kh3 {[%emt 0:00:27]} 48. Bf1+ {[%emt 0:00:08]} Kh2 {[%emt 0:00:41]} 49. Bb5 {[%emt 0:00:41]} Bd5 {[%emt 0:01:04]} 50. Ba4 {[%emt 0:00:50]} Bc4 {[%emt 0:00:25]} 51. Bc2 {[%emt 0:00:19]} Bd5 {[%emt 0:00:19]} 52. Ba4 {[%emt 0:00:46]} g5 {[%emt 0:00:41]} 53. Bd1 {[%emt 0:01:13]} b3 {[%emt 0:00:33]} 54. Be2 {[%emt 0:02:26]} a4 {[%emt 0:01:00]} 55. Bd1 {[%emt 0:00:01]} Bc4 {[%emt 0:00:08]} 56. g4 {[%emt 0:00:05]} a3 {[%emt 0:00:16]} 57. bxa3 {[%emt 0:00:23]} b2 {[%emt 0:00:05]} 0-1